00493pam a2200157 a 4500020001700000041000800017082001300025100002100038245006500059260003600124300000800160653001200168930000900180999001700189952012900206 a071666061Xc aeng a000bWOR aWorld Book, Inc. aYoung Scientist : All About Water Vol - 2hTextual Documents aChicagobWorld Book, Inc.c1992 a62. aGeneral a2613 c75894d75894 001040708ReferenceaPCPbPCPd1994-01-06eLotus Learningl0o000 WORpPCP-BMT-360r2023-02-24 00:00:00t1w2023-02-24yBK